| 000 | 01500nam a2200217 a 4500 | ||
|---|---|---|---|
| 999 |
_c1757 _d1757 |
||
| 003 | AR-BaISA | ||
| 005 | 20250214151326.0 | ||
| 007 | ta | ||
| 008 | 250214r2004 ag ad||f |||| 000 0 spa d | ||
| 040 |
_bspa _cAR-BaISA |
||
| 082 | 0 | 4 |
_222 _a338.461 602 8 G458 |
| 100 |
_93637 _aGlanc, Mario _eaut. |
||
| 245 | 1 | 0 |
_aAnálisis costo-efectividad en unidades de cuidado intensivos: _bel caso del infarto agudo de miocardio / _cMario Glanc |
| 260 |
_aBuenos Aires: _bEdiciones ISALUD, _cimpresión de 2004 |
||
| 300 |
_a126 p.: _bil., graf., tablas |
||
| 504 | _aBibliografía p.: 119-126 | ||
| 505 |
_tLas unidades de cuidados coronarios -- _tUna visión desde la cardiología tradicional -- _tEpidemiología de la enfermedad coronaria -- _tRasgos estructurales del sector salud -- _tFinanciamiento del sector salud en la Argentina -- _tMorfología del mercado de salud -- _tMicroeconomía de las Unidades de Cuidados Intensivos -- _tMercado de servicios de las Unidades de Cuidados Intensivos -- _tEl producto: egresos y prestaciones de la UCIC -- _tCostos en la unidad coronaria -- _tAnálisis costo efectividad -- _tEnsayos clínicos randomizados más importantes en el tratamiento del infarto agudo de miocardio 1988/97 -- _tOtros procedimientos alternativos: tratamiento prehospitalario del infarto agudo de miocardio |
||
| 650 | 1 | 4 |
_93638 _aInfarto Agudo de Miocardio _vanálisis costo-efectivdad |
| 650 | 1 | 4 |
_91218 _aUnidades de cuidados coronarios _vanálisis costo-efectividad |
| 942 |
_2ddc _cLI _e22 |
||